[Event "XII Figueira da Foz Open 2018"]
[Site "Figueira da Foz"]
[Date "2018.10.29"]
[Round "1"]
[White "Del Rio De Angelis, Salvador G."]
[Black "Fernandes, Joao Pedro Murtinho"]
[Result "1-0"]
[WhiteElo "2547"]
[BlackElo "2067"]
[Annotator "TA"]
[PlyCount "71"]
[EventDate "2018.10.30"]
[EventType "swiss"]
[EventCountry "POR"]
[SourceTitle "playchess.com"]
[Source "ChessBase"]
[SourceQuality "1"]

{[%evp 24,71,54,50,59,20,29,0,64,-5,20,20,35,0,0,0,68,70,67,67,67,62,65,72,69,73,276,275,332,332,316,328,308,313,312,292,292,290,315,309,325,325,401,400,397,396,395,395,402,395]} 1. d4 Nf6 2. c4 e6 3. Nc3 c5 4. d5 exd5 5. cxd5 d6 6. e4 g6 7. Be2 Bg7 8. Be3 O-O 9. Nf3 a6 10. a4 Bg4 11. Nd2 Bxe2 12. Qxe2 Re8 13. O-O Nbd7 {A75: Modern Benoni: Classical: 9...a6 10 a4 Bg4} 14. Bg5 (14. h3 Rc8 15. a5 Qc7 {1-0 (30) Riazantsev,A (2666)-Yuffa,D (2527) Cheliabinsk 2017}) 14... Qc7 15. Kh1 $146 ({Predecessor:} 15. Rfe1 Rab8 16. a5 b5 {1-0 (27) Wilkins,R-Edwards,G Seattle 1986}) 15... Rab8 (15... Nxe4 $11 16. Ndxe4 f5) 16. f4 (16. f3 $14) 16... b5 (16... c4 $5) 17. axb5 axb5 {White should prevent ...b4.} 18. Nxb5 {[%cal Bc3b5,Bb5a3,Ba3c4,Bc4d6][%mdl 32]} Qb6 19. Na3 {Black must now prevent Nac4.} Nxd5 (19... Nxe4 $11 20. Nxe4 f5) 20. Nac4 Qc7 $1 21. Qd3 Nb4 22. Qxd6 Qxd6 23. Nxd6 Re6 24. N2c4 $36 {[%mdl 2048] And now f5 would win. White is on the roll.} Nb6 $2 {[#]} (24... Nd3 $16 {keeps fighting.}) 25. f5 $1 $18 {[%cal Rf5e6]} Nxc4 26. fxe6 Nxd6 27. Bf4 fxe6 {...e5 is the strong threat.} 28. Bxd6 Rc8 29. Bxc5 Nd3 30. Be3 Nxb2 31. Ra6 e5 32. Rfa1 Rd8 33. Ra8 {White is winning.} Rxa8 34. Rxa8+ Kf7 35. Ra7+ Kg8 36. Rc7 {Precision: White = 68%, Black = 39%.} 1-0

[Event "XII Figueira da Foz Open 2018"]
[Site "Figueira da Foz"]
[Date "2018.10.29"]
[Round "1"]
[White "Stella, Andrea"]
[Black "Sismeiro, Miguel"]
[Result "1-0"]
[WhiteElo "2500"]
[BlackElo "2008"]
[Annotator "TA"]
[PlyCount "57"]
[EventDate "2018.10.30"]
[EventType "swiss"]
[EventCountry "POR"]
[SourceTitle "playchess.com"]
[Source "ChessBase"]
[SourceQuality "1"]

{[%evp 26,57,11,8,3,17,30,39,95,84,118,118,119,109,137,98,98,93,96,107,180,167,250,235,475,461,435,456,679,664,932,883,1515,1483]} 1. d4 d5 2. c4 e6 3. Nc3 Nf6 4. Bg5 Be7 5. e3 O-O 6. Nf3 h6 7. Bh4 Ne4 8. Bxe7 Qxe7 9. Rc1 Nxc3 10. Rxc3 c6 11. Bd3 Nd7 {[%cal Bb8d7,Bd7f6,Bf6g4][%mdl 32]} 12. O-O dxc4 13. Rxc4 e5 {D56: Queen's Gambit Declined: Lasker Defence} 14. Bc2 {LiveBook: 7 Games} e4 (14... Nb6 15. Rc5 Nd7 16. Rc3 exd4 17. exd4 Nf6 18. Re1 Qd6 19. Ne5 Rd8 20. Bb3 Nd5 21. Rf3 {½-½ (54) Nakamura,H (2787)-Aronian,L (2792) Paris 2016}) 15. Nd2 {[%cal Bf3d2,Bd2e4,Be4g5][%mdl 32]} Nf6 {The position is equal.} 16. Rc5 Be6 $146 ({Black should try} 16... Bg4 $14 17. Qe1 Nd7) ({Predecessor:} 16... Bg4 17. Qb1 Nd7 18. Rc3 f5 19. h3 Bh5 20. f3 exf3 21. Nxf3 {½-½ (43) David Bordier,C (2225)-Maurer,S (2285) ICCF email 2013}) 17. Re5 $16 Qc7 18. Nxe4 Ng4 19. Rh5 g6 20. Rh4 $36 {[%mdl 2048] Strongly threatening Nc5. White has strong initiative.} h5 21. Ng5 Qe7 22. Nf3 Bd5 {[#]} (22... Nf6 $16 {was worth a try.}) 23. e4 $1 $18 {[%cal Re4d5,Be3e4,Be4e5][%mdl 544]} Bc4 (23... Be6 $142 24. h3 Nf6) (23... Bxe4 24. Bxe4) 24. Re1 Qc7 $2 (24... Be6 {might work better.} 25. h3 Nf6) 25. h3 {White is clearly winning.} Nf6 26. Qc1 Be6 (26... Kg7 $142 27. e5 Nd5 28. Rxh5 Rh8) 27. Qh6 Nh7 28. e5 Qe7 {[#]} 29. Rxh5 $1 {[%mdl 512] Precision: White = 98%, Black = 12%.} 1-0

[Event "XII Figueira da Foz Open 2018"]
[Site "Figueira da Foz"]
[Date "2018.10.29"]
[Round "1"]
[White "Romanishin, Oleg M"]
[Black "Morais, Vitor"]
[Result "1-0"]
[WhiteElo "2443"]
[BlackElo "1918"]
[Annotator "TA"]
[PlyCount "103"]
[EventDate "2018.10.30"]
[EventType "swiss"]
[EventCountry "POR"]
[SourceTitle "playchess.com"]
[Source "ChessBase"]
[SourceQuality "1"]

{[%evp 15,103,0,10,-25,-12,-23,-15,-28,-9,-15,0,0,8,-25,0,0,0,0,131,127,114,106,87,77,84,79,79,65,83,81,83,88,110,97,105,104,137,114,131,127,137,127,191,95,274,281,273,272,360,388,421,114,118,108,110,114,137,77,122,135,146,91,263,214,172,131,246,159,455,451,473,462,575,575,527,333,813,899,1572,1554,1270,1234,29988,29989,29991,29992,29992,29993,29996,29997]} 1. d4 Nf6 2. Nf3 d6 3. g3 g6 4. Bg2 Bg7 5. O-O O-O 6. a4 a5 7. Nc3 Nc6 8. d5 {A49: 1 d4 Nf6 2 Nf3 g6 3 g3: Anti-King's Indian systems} Nb4 {LiveBook: 9 Games} 9. h3 e5 10. dxe6 {The position is equal.} fxe6 $146 ({Predecessor:} 10... Bxe6 11. Nd4 Bc8 12. e4 d5 13. exd5 Nfxd5 14. Nce2 c6 15. c3 Na6 {1-0 (41) Romanishin,O (2559)-Isonzo,D (2337) Bratto 2002}) 11. Ng5 h6 12. Nge4 e5 13. Nxf6+ Qxf6 14. Ne4 (14. Nb5 $5 {[%cal Rb5c7]}) 14... Qe7 15. c3 Nc6 16. b4 $36 {[%cal Bb2b4,Bb4b5,Bb5b6][%mdl 2080] White is more active.} Kh7 (16... axb4 $11 17. cxb4 Be6) 17. b5 $16 Nd8 18. b6 Nf7 19. Ba3 c5 20. c4 Be6 21. Qd3 Rfd8 22. h4 Bf5 23. Rfd1 h5 24. Bc1 Rd7 25. Bd2 Qd8 26. Qb3 Ra6 27. Rab1 Bh6 28. Be1 Kg7 (28... Bg7 $16 {was necessary.} 29. Bd2 Bh6) 29. Bc3 (29. Nc3 $18 {is more deadly.}) 29... g5 $2 (29... Qe7 $16) 30. hxg5 $18 Bxg5 31. f4 Bf6 32. Nxf6 Qxf6 {[#]} 33. e4 $2 (33. fxe5 $1 $18 {and the rest is easy.} Qe6 34. Bd5) 33... Bg4 $16 34. Rf1 {fxe5 is the strong threat.} Qh6 35. Qb2 {[%cal Rf4e5]} Kg8 36. Qf2 (36. fxe5 $142 {Strongly threatening e6!} dxe5 37. Bxe5) 36... exf4 37. gxf4 {[%cal Bg3f4,Bf4f5,Bf5f6,Bf6f7][%mdl 32]} Ra8 38. Kh1 (38. Rbe1 $142) 38... Kf8 $2 (38... Qe6 $16) 39. Rbe1 Qe6 40. Rc1 Nh6 (40... Re8 $16) 41. Qh4 Rf7 $2 (41... Re8 $16 {might work better.} 42. f5 (42. Bxa5 Qe7 $16) 42... Qe7) 42. f5 $18 Qe7 43. f6 Qd7 44. Qg5 Rh7 45. e5 Nf7 $2 (45... Bh3 46. Bd5 dxe5) 46. Qg6 Nxe5 47. Bxe5 dxe5 {[#]} 48. f7 $1 {[%mdl 512] White threatens Qg8+ and mate.} Rh8 (48... Rxf7 49. Qh6+) 49. Bd5 {White mates.} Rd8 50. Qg8+ Ke7 51. Qg7 {[%csl Gg7][%cal Rf7f8]} Kd6 52. Rf6+ {Precision: White = 58%, Black = 24%.} 1-0

[Event "XII Figueira da Foz Open 2018"]
[Site "Figueira da Foz"]
[Date "2018.10.29"]
[Round "1"]
[White "Alshameary Puente, Ismael"]
[Black "Pais, Bruno Miguel Dos Sa"]
[Result "1-0"]
[WhiteElo "2369"]
[BlackElo "1836"]
[Annotator "TA"]
[PlyCount "65"]
[EventDate "2018.10.30"]
[EventType "swiss"]
[EventCountry "POR"]
[SourceTitle "playchess.com"]
[Source "ChessBase"]
[SourceQuality "1"]

{[%evp 11,65,-3,25,4,27,29,103,81,91,86,137,137,142,126,178,148,183,160,170,163,186,174,245,191,244,205,200,210,218,219,225,210,231,219,226,234,276,277,362,350,515,364,356,393,522,504,683,627,604,600,565,538,732,704,605,596]} 1. d4 d5 2. c4 c6 3. Nf3 Nf6 4. Nc3 e6 5. Bg5 Nbd7 6. Qc2 Qa5 {LiveBook: 5 Games} 7. Nd2 {D51: Queen's Gambit Declined: 4 Bg5 Nbd7 sidelines} Bb4 8. a3 Ne4 $146 (8... dxc4 $11 {remains equal.} 9. Bxf6 Nxf6) ({Predecessor:} 8... O-O 9. e3 Re8 10. Be2 e5 11. O-O Bd6 12. cxd5 cxd5 13. Nb5 Bb8 14. Rac1 exd4 15. Nxd4 Ne4 16. Nxe4 dxe4 17. Bh4 Nf8 18. Rfd1 Bd7 19. Nb3 {1-0 (41) Le,Q (2577)-Sirin,A (2107) Gaziantep 2008}) 9. Ndxe4 {White is better.} dxe4 10. Bd2 f5 (10... Bxc3 $142 11. Bxc3 Qf5) 11. Nxe4 $16 Bxd2+ 12. Nxd2 {[%cal Be4d2,Bd2f3,Bf3e5][%mdl 32]} Nf6 (12... O-O $16) 13. e3 O-O 14. b4 Qc7 15. Nf3 b6 {[#]} 16. c5 $1 b5 (16... a5 $142) 17. Be2 Bd7 (17... a5 {was worth a try.} 18. O-O a4) 18. O-O a5 19. Ne5 Nd5 20. Bf3 axb4 21. e4 fxe4 22. Bxe4 Nf6 23. axb4 Nxe4 24. Qxe4 Rac8 25. Ra3 Rf6 (25... Be8 $142 26. Rfa1 Qe7) 26. Rh3 h6 27. g4 g5 28. f4 {[%cal Bf2f4,Bf4g5][%mdl 32] White is clearly winning.} Rcf8 29. Rhf3 Be8 30. fxg5 Rxf3 31. Rxf3 Rxf3 32. Nxf3 hxg5 33. Nxg5 {Precision: White = 89%, Black = 29%.} 1-0

[Event "XII Figueira da Foz Open 2018"]
[Site "Figueira da Foz"]
[Date "2018.10.29"]
[Round "1"]
[White "Martin Duque, Jesus"]
[Black "Puglia, Francesco"]
[Result "1-0"]
[WhiteElo "2354"]
[BlackElo "1803"]
[Annotator "TA"]
[PlyCount "46"]
[EventDate "2018.10.30"]
[EventType "swiss"]
[EventCountry "POR"]
[SourceTitle "playchess.com"]
[Source "ChessBase"]
[SourceQuality "1"]

{[%evp 15,46,32,37,31,51,48,99,32,110,94,94,90,100,104,102,79,92,78,92,74,131,124,263,130,183,113,99,100,108,100,98,74,80]} 1. e4 c5 2. Nf3 d6 3. Bb5+ Nd7 4. O-O a6 5. Bd3 g6 (5... Ngf6 6. c3 b5 7. a4 b4 8. Bc2 Bb7 9. Re1 Qc7 10. d3 e6 11. a5 bxc3 12. bxc3 Be7 {½-½ (62) McShane,L (2672)-Nepomniachtchi,I (2768) Batumi 2018}) 6. c3 {B51: Sicilian: Moscow Variation (3 Bb5+) without 3...Bd7} Bg7 7. Bc2 Ngf6 8. d4 {[%cal Bd2d4,Bd4e5][%mdl 32]} O-O {LiveBook: 10 Games} 9. e5 dxe5 10. dxe5 Ne8 $146 {[#]} (10... Ng4 $14) ({Predecessor:} 10... Ng4 11. e6 fxe6 12. h3 Nh6 {½-½ (31) Christiansen,J (2429)-Donchenko,A (2554) Reykjavik 2017}) 11. Qe2 ({White should play} 11. e6 $1 $16) 11... e6 (11... Nc7 $14) 12. Bg5 {[%cal Bc1g5,Bg5h4,Bh4g3][%mdl 32]} Qc7 {[%cal Rd7e5]} 13. Re1 h6 14. Bh4 Rb8 15. a4 b5 16. axb5 axb5 17. Nbd2 Nb6 (17... Bb7 $142) 18. Bg3 $36 {[%mdl 2048] White is on the roll.} Na4 (18... Nd5 $16 19. h4 Ne7) 19. Reb1 (19. Ne4 $18 {has better winning chances.}) 19... c4 (19... Qd7 $16 {was worth a try.} 20. Qe3 Nc7) 20. Nxc4 ({White should try} 20. h4 $18) 20... Nxc3 $16 {White is better.} 21. bxc3 bxc4 22. Rxb8 Qxb8 23. Qxc4 Nc7 {Precision: White = 47%, Black = 47%.} 1-0

[Event "XII Figueira da Foz Open 2018"]
[Site "Figueira da Foz"]
[Date "2018.10.29"]
[Round "1"]
[White "Garcia Dorado, Alberto"]
[Black "Marcal, Armando Paulo Gomes"]
[Result "1-0"]
[WhiteElo "2206"]
[BlackElo "1751"]
[Annotator "NA"]
[PlyCount "49"]
[EventDate "2018.10.30"]
[EventType "swiss"]
[EventCountry "POR"]
[SourceTitle "playchess.com"]
[Source "ChessBase"]
[SourceQuality "1"]
[TimeControl "40/5400+30:1800+30"]

1. d4 Nf6 2. Nf3 g6 3. g3 Bg7 4. Bg2 c6 5. O-O O-O 6. c4 d5 7. Nbd2 a5 8. b3 Re8 9. Bb2 Nbd7 10. Qc2 a4 11. e4 dxe4 12. Nxe4 a3 13. Bc3 Nxe4 14. Qxe4 Nf6 15. Qe2 Nd7 16. Rad1 Qc7 17. Rfe1 h5 18. Qe3 Nf6 19. h3 Bf5 20. Ne5 Rad8 21. Qf4 Nd7 22. Nxg6 Qxf4 23. Nxf4 e6 24. Nxh5 Rc8 25. Nxg7 1-0

[Event "XII Figueira da Foz Open 2018"]
[Site "Figueira da Foz"]
[Date "2018.10.29"]
[Round "1"]
[White "Santos, Antonio P"]
[Black "Gama, Joao Goncalo Cereje"]
[Result "1-0"]
[WhiteElo "2155"]
[BlackElo "1598"]
[Annotator "NA"]
[PlyCount "121"]
[EventDate "2018.10.30"]
[EventType "swiss"]
[EventCountry "POR"]
[SourceTitle "playchess.com"]
[Source "ChessBase"]
[SourceQuality "1"]
[TimeControl "40/5400+30:1800+30"]

1. d4 {[%emt 0:00:00]} Nf6 {[%emt 0:00:00]} 2. c4 {[%emt 0:00:00]} g6 {[%emt 0:00:07]} 3. Nc3 {[%emt 0:00:00]} d5 {[%emt 0:00:45]} 4. Nf3 {[%emt 0:00:05]} Bg7 {[%emt 0:01:20]} 5. Qb3 {[%emt 0:00:13]} c6 {[%emt 0:01:43]} 6. g3 {[%emt 0:02:29]} O-O {[%emt 0:00:37]} 7. Bg2 {[%emt 0:00:09]} e6 {[%emt 0:02:01]} 8. O-O {[%emt 0:00:11]} Nbd7 {[%emt 0:01:33]} 9. Rd1 {[%emt 0:14:50]} dxc4 {[%emt 0:06:33]} 10. Qxc4 {[%emt 0:00:04]} Nb6 {[%emt 0:00:14]} 11. Qb3 {[%emt 0:00:28]} Nbd5 {[%emt 0:02:57]} 12. Ne5 {[%emt 0:04:02]} h6 {[%emt 0:04:15]} 13. e4 {[%emt 0:00:35]} Nxc3 {[%emt 0:00:09]} 14. bxc3 {[%emt 0:00:04]} Qb6 {[%emt 0:02:40]} 15. Qc2 {[%emt 0:04:25]} Rd8 {[%emt 0:01:33]} 16. a4 {[%emt 0:00:50]} a5 {[%emt 0:01:25]} 17. Rb1 {[%emt 0:03:57]} Qc7 {[%emt 0:00:52]} 18. Bf4 {[%emt 0:00:19]} Qe7 {[%emt 0:00:18]} 19. Nc4 {[%emt 0:00:31]} Nh5 {[%emt 0:03:10]} 20. Bc1 {[%emt 0:01:04]} Nf6 {[%emt 0:02:07]} 21. Ba3 {[%emt 0:16:22]} Qe8 {[%emt 0:02:43]} 22. Bc5 {[%emt 0:06:02]} Bf8 {[%emt 0:04:38]} 23. Bb6 {[%emt 0:03:55]} Rd7 {[%emt 0:00:42]} 24. Nxa5 {[%emt 0:00:28]} Be7 {[%emt 0:02:33]} 25. Nc4 {[%emt 0:00:20]} Qf8 {[%emt 0:01:00]} 26. a5 {[%emt 0:00:14]} Bd8 {[%emt 0:00:34]} 27. Ra1 {[%emt 0:04:32]} Qg7 {[%emt 0:01:37]} 28. Ne5 {[%emt 0:05:33]} Bxb6 {[%emt 0:01:21]} 29. axb6 {[%emt 0:00:27]} Rxa1 {[%emt 0:00:17]} 30. Rxa1 {[%emt 0:00:02]} Rd8 {[%emt 0:00:15]} 31. Ra8 {[%emt 0:00:20]} Qf8 {[%emt 0:01:27]} 32. Nc4 {[%emt 0:09:29]} Bd7 {[%emt 0:00:33]} 33. Ra7 {[%emt 0:00:13]} Rb8 {[%emt 0:00:14]} 34. Na5 {[%emt 0:04:41]} Bc8 {[%emt 0:03:32]} 35. Qb2 {[%emt 0:00:37]} c5 {[%emt 0:01:47]} 36. e5 {[%emt 0:07:48]} Nd5 {[%emt 0:00:34]} 37. Bxd5 {[%emt 0:00:08]} exd5 {[%emt 0:00:14]} 38. Qa3 {[%emt 0:00:01]} cxd4 {[%emt 0:00:21]} 39. Qxf8+ {[%emt 0:00:03]} Kxf8 {[%emt 0:00:15]} 40. cxd4 {[%emt 0:00:05]} Ke7 {[%emt 0:00:29]} 41. f4 {[%emt 0:30:21]} Ke6 {[%emt 0:31:14]} 42. Kf2 {[%emt 0:01:16]} f6 {[%emt 0:00:12]} 43. Kf3 {[%emt 0:04:49]} fxe5 {[%emt 0:00:40]} 44. fxe5 {[%emt 0:00:05]} Kf5 {[%emt 0:00:21]} 45. g4+ {[%emt 0:00:25]} Ke6 {[%emt 0:00:14]} 46. Kf4 {[%emt 0:00:18]} g5+ {[%emt 0:00:33]} 47. Ke3 {[%emt 0:00:43]} Kd7 {[%emt 0:00:10]} 48. h3 {[%emt 0:00:07]} Ke6 {[%emt 0:00:09]} 49. Kd2 {[%emt 0:00:09]} Kd7 {[%emt 0:00:22]} 50. Kc3 {[%emt 0:00:03]} Ke6 {[%emt 0:00:21]} 51. Kb4 {[%emt 0:00:02]} Ke7 {[%emt 0:00:09]} 52. Nc6+ {[%emt 0:00:06]} Ke6 {[%emt 0:00:07]} 53. Nxb8 {[%emt 0:00:02]} Ke7 {[%emt 0:00:08]} 54. Nc6+ {[%emt 0:00:14]} Ke6 {[%emt 0:00:04]} 55. Nd8+ {[%emt 0:00:12]} Kd7 {[%emt 0:00:03]} 56. Nxb7 {[%emt 0:00:14]} Bxb7 {[%emt 0:00:08]} 57. Rxb7+ {[%emt 0:00:11]} Ke6 {[%emt 0:00:10]} 58. Ra7 {[%emt 0:00:59]} h5 {[%emt 0:00:22]} 59. b7 {[%emt 0:00:02]} hxg4 {[%emt 0:00:12]} 60. hxg4 {[%emt 0:00:02]} Kd7 {[%emt 0:00:11]} 61. b8=Q+ {[%emt 0:00:13]} 1-0

[Event "XII Figueira da Foz Open 2018"]
[Site "Figueira da Foz"]
[Date "2018.10.29"]
[Round "1"]
[White "Lisowski, Krzysztof"]
[Black "Dong, Fabio"]
[Result "1-0"]
[WhiteElo "2095"]
[BlackElo "1273"]
[Annotator "NA"]
[PlyCount "49"]
[EventDate "2018.10.30"]
[EventType "swiss"]
[EventCountry "POR"]
[SourceTitle "playchess.com"]
[Source "ChessBase"]
[SourceQuality "1"]
[TimeControl "40/5400+30:1800+30"]

1. e4 {[%emt 0:00:00]} c5 {[%emt 0:00:00]} 2. Nf3 {[%emt 0:00:12]} e6 {[%emt 0:00:00]} 3. b3 {[%emt 0:00:25]} Nc6 {[%emt 0:00:49]} 4. Bb2 {[%emt 0:06:45]} d5 {[%emt 0:05:19]} 5. exd5 {[%emt 0:05:06]} exd5 {[%emt 0:01:12]} 6. Bb5 {[%emt 0:00:36]} Bd7 {[%emt 0:07:01]} 7. O-O {[%emt 0:00:30]} Nf6 {[%emt 0:01:23]} 8. Re1+ {[%emt 0:01:43]} Ne7 {[%emt 0:08:06]} 9. Bxd7+ {[%emt 0:05:27]} Nxd7 {[%emt 0:01:50]} 10. Nc3 {[%emt 0:02:00]} d4 {[%emt 0:03:42]} 11. Ne4 {[%emt 0:00:50]} Qc7 {[%emt 0:05:23]} 12. c3 {[%emt 0:02:07]} dxc3 {[%emt 0:09:31]} 13. dxc3 {[%emt 0:00:49]} O-O-O {[%emt 0:03:04]} 14. Nd6+ {[%emt 0:00:53]} Kb8 {[%emt 0:00:28]} 15. Nxf7 {[%emt 0:01:49]} Rg8 {[%emt 0:02:01]} 16. Nxd8 {[%emt 0:00:38]} Qxd8 {[%emt 0:00:17]} 17. Ne5 {[%emt 0:06:06]} Kc8 {[%emt 0:05:37]} 18. Qg4 {[%emt 0:02:42]} Kc7 {[%emt 0:02:33]} 19. Rad1 {[%emt 0:03:20]} Nxe5 {[%emt 0:01:08]} 20. Rxe5 {[%emt 0:00:25]} Qe8 {[%emt 0:00:59]} 21. Rxc5+ {[%emt 0:02:06]} Kb8 {[%emt 0:00:20]} 22. Re5 {[%emt 0:03:55]} g6 {[%emt 0:02:31]} 23. Rd7 {[%emt 0:04:07]} h5 {[%emt 0:02:18]} 24. Qe6 {[%emt 0:00:25]} Rg7 {[%emt 0:01:26]} 25. Qd6+ {[%emt 0:01:31]} 1-0

[Event "XII Figueira da Foz Open 2018"]
[Site "Figueira da Foz"]
[Date "2018.10.29"]
[Round "1"]
[White "Fernandes, Miguel A. Murtinho"]
[Black "Jakubowski, Krzysztof"]
[Result "1/2-1/2"]
[WhiteElo "2048"]
[BlackElo "2511"]
[Annotator "TA"]
[PlyCount "103"]
[EventDate "2018.10.30"]
[EventType "swiss"]
[EventCountry "POR"]
[SourceTitle "playchess.com"]
[Source "ChessBase"]
[SourceQuality "1"]

{[%evp 10,103,96,69,59,54,74,50,72,70,90,71,96,37,37,60,39,42,179,167,168,175,159,179,186,184,175,156,152,145,179,158,195,185,189,157,171,191,266,153,145,132,125,71,87,87,144,72,83,68,108,123,122,128,129,103,87,18,57,49,39,14,150,110,116,105,116,109,114,56,62,0,0,0,0,0,-3,-1,8,8,8,8,8,8,8,0,0,0,0,0,0,0,0,0,0,0]} 1. d4 g6 2. c4 Bg7 3. Nc3 c5 4. d5 d6 5. e4 e5 6. g3 {LiveBook: 30 Games} Na6 {A44: Semi-Benoni} (6... Ne7 7. h4 h5 8. Be2 Nd7 9. Bg5 a6 10. a4 Nf6 11. Qd2 Nh7 12. Be3 f5 13. exf5 Nxf5 14. Bd3 {1-0 (59) Wang,Y (2690)-Kuzubov,Y (2699) Riadh 2017}) 7. Bg2 Nc7 8. Nge2 a6 {White is slightly better.} 9. a4 $146 ({Predecessor:} 9. O-O b5 10. f4 exf4 11. Bxf4 Rb8 12. Qc2 {0-1 (60) Esposito,A-Pelikan,J Quilmes 1945}) 9... b6 10. O-O h5 11. f4 ({White should try} 11. h3 $16) 11... h4 $14 12. Qd3 hxg3 13. Qxg3 Rh7 (13... Qh4 $14) 14. fxe5 $1 $18 Bxe5 15. Bf4 $36 {[%mdl 2048] White is in control.} Qe7 16. Bxe5 Qxe5 17. Qxe5+ dxe5 18. a5 b5 19. d6 Ne6 20. cxb5 axb5 21. Nxb5 Ba6 22. Nec3 {[%cal Be2c3,Bc3d5,Bd5f6][%mdl 32]} Kd7 23. Rf2 Nh6 (23... Bxb5 $142 24. Nxb5 Nd4) 24. Bh3 (24. Nc7 $18 Nxc7 25. dxc7 Kxc7 26. Nd5+ Kb7 27. Rf6) 24... f5 $16 25. Nd5 {Hoping for Nf6+.} ({But not} 25. exf5 $6 gxf5 26. Nc7 Nxc7 $11) 25... Bxb5 {[#]} 26. Nf6+ (26. Nb6+ $142 $1 Kxd6 27. Nxa8) 26... Kxd6 {Threatens to win with ...Rg7.} 27. Nxh7 Nf4 (27... Ke7 $142) 28. Bg2 ({White should play} 28. Ra3) 28... Ra7 29. Rd2+ Bd3 30. Ng5 {And now Nh3 would win.} c4 31. Bf3 Kc5 32. Kf2 Kb5 33. Kg3 (33. Rdd1 $16) 33... Ka6 34. Re1 Re7 35. Nh3 Nh5+ (35... fxe4 $1 $11 {remains equal.} 36. Bxe4 Bxe4 37. Rxe4 Nf5+ 38. Kg4 Nd3) 36. Bxh5 gxh5 37. Nf2 fxe4 38. Nxe4 {Nc5+ is the strong threat.} Nf5+ {[#]} 39. Kf2 (39. Kh3 $1 $16 Kxa5 40. Rf2) 39... Kxa5 40. Ng3 ({Better is} 40. Nc3 $14 Re8 41. Ra1+ Kb6 42. Kg1) 40... Nd4 $11 {The position is equal.} 41. Nxh5 Kb4 42. Re3 e4 43. Ng3 $1 Nc2 44. Rdxd3 {Strongly threatening Rd8.} cxd3 45. Rxe4+ Rxe4 46. Nxe4 {[%mdl 4096] Endgame KN-KN} Kb3 47. h4 Nd4 $1 48. h5 {Black must now prevent h6.} Nf5 49. Kf3 {aiming for Kf4.} Kxb2 50. Kf4 Nh6 $1 51. Kg5 Ng8 52. Kf4 {Precision: White = 56%, Black = 49%.} 1/2-1/2

[Event "XII Figueira da Foz Open 2018"]
[Site "Figueira da Foz"]
[Date "2018.10.29"]
[Round "1"]
[White "Adams, Philip"]
[Black "Rotstein, Arkadij"]
[Result "0-1"]
[WhiteElo "1980"]
[BlackElo "2476"]
[Annotator "TA"]
[PlyCount "84"]
[EventDate "2018.10.30"]
[EventType "swiss"]
[EventCountry "POR"]
[SourceTitle "playchess.com"]
[Source "ChessBase"]
[SourceQuality "1"]

{[%evp 23,84,9,17,0,-6,-3,0,0,0,0,3,0,29,0,33,12,24,25,41,22,28,32,30,0,0,0,0,0,0,-47,-36,-47,-49,-52,-59,-118,-70,-79,-27,-220,-220,-212,-210,-222,-169,-183,-171,-217,-215,-215,-215,-212,-176,-283,-253,-363,-358,-419,-352,-338,-347,-364,-329]} 1. e4 c5 2. Nf3 e6 3. c3 Nf6 4. e5 Nd5 5. d4 cxd4 6. cxd4 d6 7. Bc4 Nc6 8. O-O Be7 9. exd6 Qxd6 10. Nc3 O-O {B22: Sizilianisch (Alapin 2.c3)} 11. Re1 a6 (11... Rd8 12. a3 a6 13. Be3 Nxe3 14. fxe3 b6 15. Rc1 Bb7 16. Ba2 Rac8 17. Ne4 Qd7 18. Nfg5 Bxg5 19. Nxg5 {½-½ (34) Jones,G (2640)-Svidler,P (2768) Wijk aan Zee 2018}) 12. Bb3 Rd8 {LiveBook: 35 Partien. Die Stellung ist ausgeglichen.} 13. Ne4 Qc7 $146 ({Vorgänger:} 13... Qd7 14. Bg5 Bxg5 15. Nexg5 h6 {0-1 (61) Worek,J (2293)-Berke,A (2175) Le Castella 2018}) 14. a3 Bd7 15. Qd3 h6 16. Bd2 Be8 17. Bc2 Nf4 18. Qe3 (18. Bxf4 $5 Qxf4 19. Nc3 $14) 18... Ng6 19. Rac1 Qb6 {[%cal Rc6d4]} 20. Bc3 Rac8 21. Ng3 {[%cal Be4g3,Bg3h5,Bh5f4,Bf4e2][%mdl 32]} Nf8 $1 22. Nh5 f6 23. Nf4 (23. Ng3 {with more complications.} Bf7 24. Ne4 Bh5 25. Ned2 Qc7 26. Bb3) 23... Bf7 24. h4 Bd6 25. Bb1 Ne7 26. Ne2 Nd5 27. Qd2 Qb5 28. Ba2 Bh5 29. Bxd5 (29. Nh2 $1 $15) 29... exd5 30. Nh2 Bxe2 ({Lieber} 30... Ne6 $17 31. f3 Bg6) 31. Rxe2 $2 {[#]} (31. Qxe2 $11 Qxe2 32. Rxe2) 31... Bf4 $1 $19 {[%cal Rf4d2][%mdl 512]} 32. Qxf4 Qxe2 33. Re1 Qd3 34. Ng4 Re8 {Und ...Txe1+ würde nun gewinnen.} 35. Re3 Rxe3 36. Nxe3 Qb1+ 37. Kh2 Qe4 38. Qg3 (38. Qxe4 {kämpft weiter.} dxe4 39. Kg3) 38... h5 39. Nf1 (39. Qd6 {war einen Versuch wert.}) 39... Ng6 40. Ne3 Qxh4+ 41. Qxh4 Nxh4 42. Nxd5 {[#] Und weiter mit Se7+ wäre nett.} Nf5 {Precision: Weiß = 32%, Schwarz = 69%.} 0-1